000 00649nam a2200217 i 4500
001 175505
003 ES-MaACL
005 20230906215835.0
007 t|
008 101102s2009 sp r ||||1| spa d
020 _a978-84-612-9402-2
080 _a133.4
080 _a821.134.2-96"19"
100 1 _aNavarro Zamorano, Salvador.
_985196
245 1 0 _aEnsayo para una sola voz /
_cSalvador Navarro Zamorano ; diseño portada: Isabel Navarro Reynés.
260 _a[S. l.] :
_b[s. n.],
_cD. L. 2009.
300 _a137 p. ;
_c21 cm.
500 _aEn la cub.: I.
700 1 _aNavarro Reynés, Isabel.
_9143821
852 _aES-MaACL
_j2264-F-10
999 _c175505
_d175505